| 000 | 01005nam a22002417a 4500 | ||
|---|---|---|---|
| 999 |
_c512 _d512 |
||
| 003 | AR-CdUCM | ||
| 008 | 190223b ||||| |||| 00| 0 spa d | ||
| 040 |
_aMUNICIPALIDAD PROVINCIAL DEL CUSCO _cBIBLIOTECA MUNICIPAL DEL CUSCO |
||
| 082 |
_a330.947 / _bIL38 |
||
| 100 |
_aIlin, M. _91987 |
||
| 245 |
_aLas montañas y los hombres : _bocho relatos sobre la transformación de la naturaleza / |
||
| 260 |
_aMontevideo : _bEdiciones Pueblos Unidos, _c[1943] |
||
| 300 |
_a241 páginas ; _c19.5 cm. |
||
| 500 | _aDonación de la familia Nieto. | ||
| 505 | _aContenido: Transformación del desierto -- La llegada del amo -- La patria del trigo -- La creación de las plantas -- El mapa vivo -- Los ríos domados -- Sobre la lluvia y el buen tiempo -- Las montañas y los hombres. | ||
| 650 |
_aRecursos naturales _91988 |
||
| 650 |
_aRusia _9499 |
||
| 650 |
_aCondiciones económicas _91989 |
||
| 650 |
_aSiglo XX _98 |
||
| 650 |
_aDescripción _91990 |
||
| 942 |
_2ddc _cLIBROS |
||
| 945 |
_alccs _d2017-02-23 |
||